Представление документа в формате MARC21

Поле Инд. ПП Название Значение
Тип записи a
Библиографический уровень m
001 Контрольный номер f3ebfbc50d004084890a45999dcdd6e0
005 Дата корректировки 20190919115023.3
020 a ISBN 978-5-6041671-2-0
040 a Служба первич. каталог. НБ ТвГУ
b Код языка каталог. rus
e Правила каталог. PSBO
041 0_ a Код языка текста rus
080 a Индекс УДК 344.3(470)(091)
084 a Индекс другой классификации/Индекс ББК Х711.41-1
090 a Полочн. индекс Х711
x Авторский знак В 63
097 b Оператор Semenova.ZR
245 10 a Заглавие Военные суды России
b Продолж. заглавия 1723-1867
c Ответственность Судеб. коллегия по делам военнослужащих Верх. Суда Рос. Федерации, Ленингр. окруж. воен. суд ; под общ. ред. В. В. Хомчика
260 c Дата издания 2018
a Место издания Санкт-Петербург
b Издательство Олег Абышко
300 a Объем 363, [3] с.
b Иллюстрации/ тип воспроизводства ил.
520 0_ a Аннотация К 100-летнему юбилею военных судов в свет вышла книга "ВОЕННЫЕ СУДЫ РОССИИ". Она издана под общей редакцией заместителя Председателя Верховного Суда Российской Федерации - председателя Судебной коллегии по делам военнослужащих В. В. Хомчика. Авторы предприняли удачную попытку рассказать об истории и современном состоянии отечественной военной судебной системы. В структуру книгу гармонично вошли главы, позволяющие заглянуть в прошлое, познакомиться с резонансными уголовными делами, людьми, работавшими в военно-судебной системе, отдавшими свои знания и опыт осуществлению правосудия в войсках, укреплению авторитета судебной власти.
653 0_ a Ключевые слова Судебная система России
a Ключевые слова История судебной системы России
a Ключевые слова Суды России
a Ключевые слова Военные суды России
a Ключевые слова Российская Федерация
a Ключевые слова Военная судебная система
a Ключевые слова 1723-1867
700 12 a Другие авторы Хомчик Владимир Владимирович
e Роль лиц ред.
901 t Тип документа m
920 a Оператор Семен
a Оператор Суха
a Оператор Стро
930 a Новая/Ретро новая
952 c Вид литературы К рн
954 b Дата поступления в ОК 20190912
a Дата поступления на обработку 20190916
c Дата окончания ОНО 20190919